1053 1562 1229 1915 1558 1228 1515 1924 1575 1101 1399 1200 1869 1727 1012 1037 1882 1806 1217 1630 1195 2000 1222 1779 1735 1120 1306 1838 1303 1611 1187 1381 1247 1178 1907 1241 1666 1814 1164 1685 1472 1033 1125 1953 1436 1744 1212 1692 1311 1925 1678 1320 1407 1231 1725 1470 1721 1975 1374 1274 1491 1433 1142 1162 1995 1672 1254 1016 1125 1232 1164 1047 1205 1731 1950 1389 1023 1143 1946 1620 1394 1613 1283 1308 1879 1259 1242 1928 1328 1026 1663 1718 1236 1852 1167 1123 1764 1209 1367 BCNSPRNW ULIB Ver.6.0+V

เปลี่ยนเป็นภาษาไทย

Change to English
 แสดงรายละเอียดบรรณานุกรม
  กลับหน้าหลัก

Brief Record : Get Marc (ISO 2709) : E-mail record : QR code < ปิดหน้าต่าง
LEADER : 00000nam 2200000uu 4500
001    13399112131
003     ULIB
008    110727s2553||||th 000 0 tha d
020    9741335458
060  4 QU4^bป469ช ล.2
245 00 ชีววิทยา 2 /^ปรีชา สุวรรณพินิจ, นงลักษณ์ สุวรรณพินิจ
250    พิมพ์ครั้งที่ 8
260    กรุงเทพฯ :^bจุฬาลงกรณ์มหาวิทยาลัย,^c2553
300    1267 หน้า
650  7 ชีววิทยา
650  7 วิทยาศาสตร์ชีวภาพ
945    ^p350^l0^i18428
945    ^p350^l0^i18429
945    ^p350^l0^i18431
945    ^p350^l0^i18430
995    กัณชพร
999    ^aใช้งานได้ทุกระบบ
รายการนี้ยังไม่มีแท็ก
คุณยังไม่ได้ล็อกอิน คุณสามารถมีกิจกรรมร่วมกับเว็บไซต์ได้ แต่ต้องล็อกอินก่อน ::
  ล็อกอิน

รายการสื่อสารสนเทศ

ลำดับที่ ประเภท เลขเรียก/บาร์โค้ด สถานที่ สถานะ
1. วิทยาศาสตร์การแพทย์ และสุขภาพ
วิทยาศาสตร์การแพทย์ และสุขภาพ
QU4 ป469ช ล.2  
  Barcode: 18428
ห้องสมุดวิทยาเขตนครสวรรค์
►ส่วนจัดเก็บหนังสือเก่า นว.
บนชั้น
  ขอยืม
2. วิทยาศาสตร์การแพทย์ และสุขภาพ
วิทยาศาสตร์การแพทย์ และสุขภาพ
QU4 ป469ช ล.2 ฉ.2 
  Barcode: 18429
ห้องสมุดวิทยาเขตนครสวรรค์
►ส่วนจัดเก็บหนังสือเก่า นว.
บนชั้น
  ขอยืม
3. วิทยาศาสตร์การแพทย์ และสุขภาพ
วิทยาศาสตร์การแพทย์ และสุขภาพ
QU4 ป469ช ล.2 ฉ.4 
  Barcode: 18431
ห้องสมุดวิทยาเขตนครสวรรค์
►ส่วนจัดเก็บหนังสือเก่า นว.
บนชั้น
  ขอยืม
4. วิทยาศาสตร์การแพทย์ และสุขภาพ
วิทยาศาสตร์การแพทย์ และสุขภาพ
QU4 ป469ช ล.2 ฉ.5 
  Barcode: 18430
ห้องสมุดวิทยาเขตนครสวรรค์
►ส่วนจัดเก็บหนังสือเก่า นว.
บนชั้น
  ขอยืม

รายการใกล้เคียง
    ชื่อเรื่อง [ชีววิทยา 2 /^ปรีชา สุวรรณพินิจ, นงลักษณ์ สุวรรณพินิจ]

    หัวเรื่อง [ชีววิทยา]
    หัวเรื่อง [วิทยาศาสตร์ชีวภาพ]

BibComment


ยังไม่เคยถูกคอมเมนท์

คอมเมนท์ทรัพยากรรายการนี้
  คอมเมนท์: ชีววิทยา 2 ปรีชา ..


 Copyright 2026. Bcnsprnw @Library